[Event "Toronto-B2"]
[Site "Toronto"]
[Date "2009.02.24"]
[Round "5"]
[White "Cheron, Anthony"]
[Black "Orlova, Yelizaveta"]
[Result "1-0"]
[WhiteElo "1975"]
[BlackElo "1993"]
[PlyCount "115"]
[GameId "2160767910265000"]
[EventDate "2009.01.27"]
[EventType "tourn"]
[EventRounds "9"]
[EventCountry "CAN"]
[SourceTitle "EXT 2011"]
[Source "ChessBase"]
[SourceDate "2011.11.26"]
[SourceVersion "1"]
[SourceVersionDate "2011.11.26"]
[SourceQuality "1"]

1. d3 c5 2. g3 g6 3. c3 Bg7 4. Na3 Nc6 5. f3 d5 6. e4 Be6 7. Bh3 Qd7 8. Bxe6 fxe6 9. Nh3 Rd8 10. Nf2 Nf6 11. Bg5 O-O 12. O-O Qc8 13. Qe2 h6 14. Bxf6 Rxf6 15. e5 Rf5 16. f4 g5 17. Nh3 Rdf8 18. Nc2 d4 19. c4 Qe8 20. a3 Qg6 21. Kh1 Qf7 22. g4 Rxf4 23. Nxf4 gxf4 24. Ne1 Nxe5 25. Nf3 Nxf3 26. Rxf3 Qg6 27. h3 e5 28. b4 Qc6 29. b5 Qf6 30. a4 Qg5 31. a5 Qg6 32. a6 b6 33. Rg1 Bf6 34. h4 Rf7 35. Rh3 Rg7 36. Qf3 h5 37. g5 e6 38. Re1 Be7 39. Rxe5 Bd6 40. Re2 Qf5 41. Rg2 e5 42. Qd5+ Kh7 43. Rf3 Bc7 44. Qc6 Qg6 45. Qa8 Rf7 46. Re2 Qf5 47. Qe4 Qxe4 48. Rxe4 Kg6 49. Re2 Kf5 50. Rff2 Rg7 51. Kg2 Kg4 52. Re1 Kxh4 53. Kf3 Kxg5 54. Rg1+ Kf6 55. Rxg7 Kxg7 56. Rg2+ Kf6 57. Ke4 h4 58. Rg4 1-0

[Event "Toronto-B2"]
[Site "Toronto"]
[Date "2009.02.24"]
[Round "5"]
[White "Kenanu, Dariush"]
[Black "Ferreira, Alex"]
[Result "1-0"]
[WhiteElo "1894"]
[BlackElo "2062"]
[PlyCount "77"]
[GameId "2160767910265001"]
[EventDate "2009.01.27"]
[EventType "tourn"]
[EventRounds "9"]
[EventCountry "CAN"]
[SourceTitle "EXT 2011"]
[Source "ChessBase"]
[SourceDate "2011.11.26"]
[SourceVersion "1"]
[SourceVersionDate "2011.11.26"]
[SourceQuality "1"]

1. e4 c5 2. Nf3 a6 3. d4 cxd4 4. c3 d5 5. exd5 Qxd5 6. cxd4 Bg4 7. Nc3 Qa5 8. Be2 Nf6 9. O-O e6 10. Bd2 Bb4 11. a3 Bxc3 12. Bxc3 Qd5 13. h3 Bh5 14. Ne5 Bxe2 15. Qxe2 O-O 16. Rfe1 Nc6 17. Rad1 Rac8 18. Ng4 Nxg4 19. Qxg4 h6 20. Re3 f5 21. Qe2 Rf6 22. Re5 Qb3 23. Rc5 Rd8 24. d5 e5 25. Rd2 Nd4 26. Qxe5 b6 27. Rc7 Rxd5 28. Qe8+ Kh7 29. Bxd4 Rg6 30. Rc8 Rg5 31. Qg8+ Kg6 32. Rc6+ Kh5 33. Qe8+ g6 34. Qe2+ Kh4 35. Rc3 Qa4 36. g3+ Kxh3 37. g4+ Kh4 38. Rh3+ Kxh3 39. Qf3+ 1-0

[Event "Toronto-B2"]
[Site "Toronto"]
[Date "2009.02.24"]
[Round "5"]
[White "Kleinman, Michael"]
[Black "Florea, Alexandru"]
[Result "1-0"]
[WhiteElo "2032"]
[BlackElo "1885"]
[PlyCount "75"]
[GameId "2160767910265002"]
[EventDate "2009.01.27"]
[EventType "tourn"]
[EventRounds "9"]
[EventCountry "CAN"]
[SourceTitle "EXT 2011"]
[Source "ChessBase"]
[SourceDate "2011.11.26"]
[SourceVersion "1"]
[SourceVersionDate "2011.11.26"]
[SourceQuality "1"]

1. e4 c5 2. Nc3 Nc6 3. Bb5 g6 4. Bxc6 bxc6 5. d3 Bg7 6. f4 Nf6 7. Nf3 O-O 8. O-O Ba6 9. Qe1 Qb6 10. Qh4 Rfe8 11. Kh1 d5 12. e5 d4 13. exf6 dxc3 14. b3 Bxf6 15. Ng5 h5 16. f5 Rad8 17. fxg6 fxg6 18. Qe4 Kg7 19. Ne6+ Kf7 20. Nxd8+ Rxd8 21. Bg5 Rd4 22. Qe3 Bc8 23. Rae1 Qd8 24. Bxf6 exf6 25. Qh6 Qg8 26. Qg5 Qd8 27. Qxc5 h4 28. Qxa7+ Rd7 29. Qe3 Rd4 30. h3 g5 31. Qxg5 Qd6 32. Qh5+ Kg7 33. Re8 Rf4 34. Qh8+ Kg6 35. Rg8+ Kf5 36. Qh5+ Ke6 37. Rxf4 Qxf4 38. Qg4+ 1-0

[Event "Toronto-B2"]
[Site "Toronto"]
[Date "2009.02.24"]
[Round "5"]
[White "Stein, Mickey"]
[Black "Tseluiko, Oleg"]
[Result "1-0"]
[WhiteElo "1957"]
[BlackElo "1949"]
[PlyCount "63"]
[GameId "2160767910265003"]
[EventDate "2009.01.27"]
[EventType "tourn"]
[EventRounds "9"]
[EventCountry "CAN"]
[SourceTitle "EXT 2011"]
[Source "ChessBase"]
[SourceDate "2011.11.26"]
[SourceVersion "1"]
[SourceVersionDate "2011.11.26"]
[SourceQuality "1"]

1. d4 Nf6 2. c4 g6 3. Nc3 Bg7 4. e4 d6 5. Nf3 O-O 6. Be2 Nc6 7. d5 Nb8 8. O-O Bg4 9. h3 Bxf3 10. Bxf3 Nbd7 11. Rb1 a5 12. Be3 c6 13. Qd2 Re8 14. a3 Qc7 15. Rfc1 c5 16. Nb5 Qd8 17. b4 b6 18. bxc5 Nxc5 19. Qc2 e5 20. Bxc5 bxc5 21. Qd3 Qd7 22. Bd1 Rf8 23. Nc3 a4 24. Rb5 Nh5 25. Bxh5 gxh5 26. Qf3 f5 27. Qxh5 fxe4 28. Nxe4 Rf5 29. Qg4 Raf8 30. Rcb1 h5 31. Qg6 R5f7 32. Ng5 1-0

[Event "Toronto-B2"]
[Site "Toronto"]
[Date "2009.03.03"]
[Round "6"]
[White "Armstrong, Robert J"]
[Black "Cheron, Anthony"]
[Result "0-1"]
[WhiteElo "1827"]
[BlackElo "1975"]
[PlyCount "90"]
[GameId "2160767910265004"]
[EventDate "2009.01.27"]
[EventType "tourn"]
[EventRounds "9"]
[EventCountry "CAN"]
[SourceTitle "EXT 2011"]
[Source "ChessBase"]
[SourceDate "2011.11.26"]
[SourceVersion "1"]
[SourceVersionDate "2011.11.26"]
[SourceQuality "1"]

1. d4 d6 2. c4 e5 3. d5 g6 4. Nc3 f6 5. e4 Bh6 6. Bxh6 Nxh6 7. Qd2 Nf7 8. h4 Ke7 9. f4 exf4 10. Qxf4 Qf8 11. Nf3 Qh6 12. Ne2 Nd7 13. Qxh6 Nxh6 14. Nfd4 Ne5 15. Nf4 c5 16. Nde6 Nhg4 17. b3 Ne3 18. Kd2 N3g4 19. Be2 Nf2 20. Rhg1 Nxe4+ 21. Ke3 Ng3 22. Kd2 Bd7 23. Rae1 Rag8 24. Bd1 b5 25. Kc3 bxc4 26. bxc4 Rb8 27. a3 Rb1 28. Bc2 Rxe1 29. Rxe1 Rb8 30. Re3 Nf1 31. Re1 Nh2 32. h5 g5 33. Nd3 h6 34. Nxe5 fxe5 35. Bf5 g4 36. Ng7 Ba4 37. Bc2 Kf6 38. Ne6 Bd7 39. Nc7 Rb7 40. Na6 Kg5 41. Bg6 Ba4 42. Re2 Rb3+ 43. Kd2 g3 44. Bf7 Nf1+ 45. Kc1 Ne3 0-1

[Event "Toronto-B2"]
[Site "Toronto"]
[Date "2009.03.03"]
[Round "6"]
[White "Chichkina, Olya"]
[Black "Ferreira, Alex"]
[Result "1/2-1/2"]
[WhiteElo "1909"]
[BlackElo "2062"]
[PlyCount "111"]
[GameId "2160767910265005"]
[EventDate "2009.01.27"]
[EventType "tourn"]
[EventRounds "9"]
[EventCountry "CAN"]
[SourceTitle "EXT 2011"]
[Source "ChessBase"]
[SourceDate "2011.11.26"]
[SourceVersion "1"]
[SourceVersionDate "2011.11.26"]
[SourceQuality "1"]

1. e4 d5 2. exd5 Nf6 3. Nc3 Nxd5 4. d4 g6 5. g3 Bg7 6. Bg2 Nxc3 7. bxc3 O-O 8. Ne2 e5 9. O-O c6 10. f4 exd4 11. cxd4 Bg4 12. Bf3 Bxf3 13. Rxf3 Re8 14. Rb1 b6 15. f5 Qd5 16. Rbb3 c5 17. fxg6 hxg6 18. Bb2 Nc6 19. Rf4 g5 20. Rf2 Rad8 21. Qf1 Rxe2 22. Qxe2 Nxd4 23. Bxd4 Bxd4 24. Rd3 c4 25. Rxd4 Qxd4 26. Qe7 Qd1+ 27. Rf1 Qd4+ 28. Rf2 f6 29. Qxa7 Re8 30. Kf1 Qd5 31. Rxf6 Qd1+ 32. Kg2 Qxc2+ 33. Kh3 Qh7+ 34. Qxh7+ Kxh7 35. Rxb6 Rc8 36. Rb2 Kg6 37. Kg4 Kf6 38. h4 gxh4 39. gxh4 Ke5 40. Kf3 Kd4 41. Ke2 Kc3 42. Rb7 Rh8 43. a4 Rxh4 44. a5 Rh2+ 45. Ke3 Ra2 46. Rb5 Ra1 47. Ke4 Kc2 48. Rc5 c3 49. Kd4 Ra4+ 50. Kd5 Kd3 51. Kc6 Rc4 52. a6 c2 53. a7 c1=Q 54. Rxc4 Qh1+ 55. Kc7 Qa8 56. Ra4 1/2-1/2

[Event "Toronto-B2"]
[Site "Toronto"]
[Date "2009.03.03"]
[Round "6"]
[White "Florea, Alexandru"]
[Black "Stein, Mickey"]
[Result "1-0"]
[WhiteElo "1885"]
[BlackElo "1957"]
[PlyCount "97"]
[GameId "2160767910265006"]
[EventDate "2009.01.27"]
[EventType "tourn"]
[EventRounds "9"]
[EventCountry "CAN"]
[SourceTitle "EXT 2011"]
[Source "ChessBase"]
[SourceDate "2011.11.26"]
[SourceVersion "1"]
[SourceVersionDate "2011.11.26"]
[SourceQuality "1"]

1. e4 e6 2. d4 d5 3. Nc3 Nf6 4. Bg5 Bb4 5. e5 h6 6. exf6 hxg5 7. fxg7 Rg8 8. Nf3 Qf6 9. Be2 Qxg7 10. O-O a6 11. Re1 Nc6 12. Ne5 Nxe5 13. dxe5 Bd7 14. Bg4 O-O-O 15. Qd3 f5 16. exf6 Qxf6 17. Rad1 Bd6 18. Qe3 Kb8 19. h3 Rgf8 20. Qf3 Bb4 21. Qe3 Ba5 22. Bxe6 Bxe6 23. Qxe6 Qxf2+ 24. Kh1 c6 25. Qe2 Qh4 26. Rf1 Rh8 27. Qf2 Qh6 28. Qf6 g4 29. Qxh6 Rxh6 30. Rd3 gxh3 31. gxh3 Re8 32. Kg2 Bc7 33. Rh1 b5 34. a3 Rg8+ 35. Kf2 Bb6+ 36. Ke1 Re6+ 37. Kd1 d4 38. Ne2 c5 39. h4 c4 40. Rf3 Re4 41. h5 Rh8 42. h6 Re6 43. h7 Re7 44. Rfh3 Rf7 45. Rh4 Kc7 46. Nf4 d3 47. Ng6 dxc2+ 48. Kxc2 Rf2+ 49. Kb1 1-0

[Event "Toronto-B2"]
[Site "Toronto"]
[Date "2009.03.03"]
[Round "6"]
[White "Orlova, Yelizaveta"]
[Black "Kleinman, Michael"]
[Result "1/2-1/2"]
[WhiteElo "1993"]
[BlackElo "2032"]
[PlyCount "61"]
[GameId "2160767910265007"]
[EventDate "2009.01.27"]
[EventType "tourn"]
[EventRounds "9"]
[EventCountry "CAN"]
[SourceTitle "EXT 2011"]
[Source "ChessBase"]
[SourceDate "2011.11.26"]
[SourceVersion "1"]
[SourceVersionDate "2011.11.26"]
[SourceQuality "1"]

1. d4 d5 2. Nf3 Nf6 3. g3 Bf5 4. Bg2 e6 5. c4 Bb4+ 6. Bd2 Nc6 7. Bxb4 Nxb4 8. Qa4+ Nc6 9. Ne5 O-O 10. Nxc6 bxc6 11. Qxc6 Rb8 12. cxd5 Rxb2 13. O-O exd5 14. Nc3 Re8 15. Rac1 Rb6 16. Qc5 c6 17. Rfe1 Qe7 18. e4 Bd7 19. Qxe7 Rxe7 20. exd5 Rxe1+ 21. Rxe1 cxd5 22. Nxd5 Nxd5 23. Bxd5 Rd6 24. Rb1 g6 25. Bf3 Rxd4 26. Rd1 Rxd1+ 27. Bxd1 Be6 28. Bb3 Bxb3 29. axb3 Kf8 30. Kf1 Ke7 31. Ke2 1/2-1/2

[Event "Toronto-B2"]
[Site "Toronto"]
[Date "2009.03.10"]
[Round "7"]
[White "Cheron, Anthony"]
[Black "Chichkina, Olya"]
[Result "1-0"]
[WhiteElo "1975"]
[BlackElo "1909"]
[PlyCount "169"]
[GameId "2160767910265008"]
[EventDate "2009.01.27"]
[EventType "tourn"]
[EventRounds "9"]
[EventCountry "CAN"]
[SourceTitle "EXT 2011"]
[Source "ChessBase"]
[SourceDate "2011.11.26"]
[SourceVersion "1"]
[SourceVersionDate "2011.11.26"]
[SourceQuality "1"]

1. d3 d5 2. e4 d4 3. g3 e5 4. f3 c5 5. Bh3 Bxh3 6. Nxh3 Qd7 7. Nf2 Nc6 8. Na3 Bd6 9. Ke2 Nge7 10. Qf1 a6 11. Qh3 b5 12. Qxd7+ Kxd7 13. Bd2 Rac8 14. c4 dxc3 15. bxc3 c4 16. Nc2 cxd3+ 17. Nxd3 Na5 18. Rhd1 Nec6 19. Be1 Ke7 20. Ne3 f6 21. Nf5+ Ke6 22. Nxg7+ Kf7 23. Nf5 Ba3 24. Nf2 Rhd8 25. Rxd8 Rxd8 26. Rd1 Rxd1 27. Kxd1 Nc4 28. Nd3 Bf8 29. Bd2 Nxd2 30. Kxd2 Ke6 31. Kc2 Kd7 32. Nf2 Na5 33. g4 Kc6 34. h4 Kd7 35. Ne3 Ke6 36. Nd5 Bd6 37. Nd1 Nb7 38. N1e3 Nc5 39. Nf5 Bf8 40. h5 Kf7 41. Nc7 Kg8 42. Kd2 Kf7 43. Nd5 Ke6 44. c4 bxc4 45. Nde3 Nb7 46. Nxc4 Bb4+ 47. Ke2 Nc5 48. Nfe3 Na4 49. Nd5 Nc3+ 50. Nxc3 Bxc3 51. Kd3 Bb4 52. Ne3 Bc5 53. Nd5 Kf7 54. Nc7 a5 55. a4 Bb6 56. Nd5 Bf2 57. Kc4 Ke6 58. Kb5 Be1 59. Kc6 Bd2 60. Nc7+ Ke7 61. Kd5 Be1 62. Na6 Bd2 63. Nb8 Be1 64. Nc6+ Kd7 65. Na7 Bd2 66. Nb5 Be1 67. Nd6 Ke7 68. Nf5+ Kd7 69. Kc5 Bd2 70. Kb5 Be1 71. Ne3 Bc3 72. Nd5 Be1 73. Nxf6+ Ke6 74. Nxh7 Bd2 75. Nf8+ Kf6 76. Ng6 Ke6 77. Kc6 Bc3 78. Nh4 Bd2 79. Nf5 Kf6 80. Kd5 Bf4 81. h6 Kg6 82. Ke6 Bh2 83. g5 Bf4 84. Ne7+ Kh7 85. Kf6 1-0

[Event "Toronto-B2"]
[Site "Toronto"]
[Date "2009.03.10"]
[Round "7"]
[White "Ferreira, Alex"]
[Black "Tseluiko, Oleg"]
[Result "1-0"]
[WhiteElo "2062"]
[BlackElo "1949"]
[PlyCount "101"]
[GameId "2160767910265009"]
[EventDate "2009.01.27"]
[EventType "tourn"]
[EventRounds "9"]
[EventCountry "CAN"]
[SourceTitle "EXT 2011"]
[Source "ChessBase"]
[SourceDate "2011.11.26"]
[SourceVersion "1"]
[SourceVersionDate "2011.11.26"]
[SourceQuality "1"]

1. e4 d6 2. Nf3 Nf6 3. Nc3 g6 4. Bc4 Bg7 5. Qe2 O-O 6. d3 Bg4 7. Be3 c6 8. h3 Bxf3 9. Qxf3 Nbd7 10. Bb3 b5 11. h4 Ne5 12. Qe2 Neg4 13. Bd2 a5 14. a4 b4 15. Nd1 Qc7 16. f3 Ne5 17. d4 Ned7 18. g4 e5 19. Be3 exd4 20. Bxd4 Ne5 21. Bxe5 dxe5 22. h5 Rfd8 23. Ne3 Qa7 24. hxg6 hxg6 25. Bc4 Qd4 26. Nd1 Rd7 27. Rb1 Rad8 28. b3 Bf8 29. Bd3 Qc5 30. Qf2 Qxf2+ 31. Kxf2 Bc5+ 32. Ke2 Nh7 33. Nb2 Bb6 34. Rh2 Ng5 35. Rbh1 Kg7 36. Nc4 Bc7 37. Ne3 Ne6 38. Rh7+ Kf6 39. Ng2 Nd4+ 40. Kf2 Nxc2 41. Bc4 Rd2+ 42. Kg3 R8d7 43. g5+ Kxg5 44. Bxf7 Nd4 45. Rg7 Kf6 46. Rhh7 Nf5+ 47. exf5 e4+ 48. Kh3 exf3 49. Rxg6+ Ke5 50. Nh4 Ke4 51. Re6+ 1-0

[Event "Toronto-B2"]
[Site "Toronto"]
[Date "2009.03.10"]
[Round "7"]
[White "Kleinman, Michael"]
[Black "Armstrong, Robert J"]
[Result "1-0"]
[WhiteElo "2032"]
[BlackElo "1827"]
[PlyCount "65"]
[GameId "2160767910265010"]
[EventDate "2009.01.27"]
[EventType "tourn"]
[EventRounds "9"]
[EventCountry "CAN"]
[SourceTitle "EXT 2011"]
[Source "ChessBase"]
[SourceDate "2011.11.26"]
[SourceVersion "1"]
[SourceVersionDate "2011.11.26"]
[SourceQuality "1"]

1. e4 g6 2. d4 Bg7 3. Nc3 d6 4. Be2 Nf6 5. f4 c5 6. Nf3 cxd4 7. Nxd4 Nc6 8. Be3 Nxd4 9. Bxd4 Qa5 10. O-O O-O 11. Bf3 e5 12. Bf2 Rd8 13. Qe2 exf4 14. Rfd1 g5 15. Nd5 Be6 16. Bd4 Nxd5 17. exd5 Bf5 18. c3 Re8 19. Qf2 Qb5 20. Bh5 Bh6 21. Qf3 Be4 22. Bxf7+ Kxf7 23. Qh5+ Bg6 24. Qxh6 Re2 25. c4 Qxc4 26. Qg7+ Ke8 27. Qg8+ Kd7 28. Qxa8 Qxd5 29. Bf2 Qb5 30. Qxa7 Be4 31. Qd4 d5 32. Re1 Rxb2 33. Rxe4 1-0

[Event "Toronto-B2"]
[Site "Toronto"]
[Date "2009.03.10"]
[Round "7"]
[White "Stein, Mickey"]
[Black "Orlova, Yelizaveta"]
[Result "1-0"]
[WhiteElo "1957"]
[BlackElo "1993"]
[PlyCount "121"]
[GameId "2160767910265011"]
[EventDate "2009.01.27"]
[EventType "tourn"]
[EventRounds "9"]
[EventCountry "CAN"]
[SourceTitle "EXT 2011"]
[Source "ChessBase"]
[SourceDate "2011.11.26"]
[SourceVersion "1"]
[SourceVersionDate "2011.11.26"]
[SourceQuality "1"]

1. d4 c5 2. d5 e5 3. c4 d6 4. e4 Be7 5. Nc3 Bg5 6. Nf3 Bxc1 7. Qxc1 Nh6 8. h3 O-O 9. g4 Kh8 10. Bd3 f6 11. Qd2 Na6 12. Ne2 Nb4 13. a3 Nxd3+ 14. Qxd3 Qa5+ 15. Qd2 Qxd2+ 16. Nxd2 a6 17. b4 Bd7 18. O-O b5 19. bxc5 dxc5 20. Rfc1 Rfc8 21. Rc2 Nf7 22. Rac1 Nd6 23. cxb5 Bxb5 24. Ng3 Bd3 25. Rxc5 Rcb8 26. Nf5 Nxe4 27. Nxe4 Bxe4 28. d6 g6 29. Rc7 Rd8 30. Ng3 Bd5 31. d7 Kg7 32. R1c5 Bf3 33. Nf1 Rab8 34. Rc8 Bb7 35. Rxb8 Rxb8 36. Rc7 Kf8 37. Rxb7 Rd8 38. Ne3 Ke7 39. Nd5+ Ke6 40. Nb6 Kd6 41. Ra7 Kc6 42. Ra8 Rxa8 43. Nxa8 Kxd7 44. Nb6+ Kc6 45. Nc4 Kb5 46. Nb2 Kc5 47. Kf1 Kd4 48. Ke2 Kc3 49. Na4+ Kc4 50. Kd2 f5 51. g5 a5 52. Kc2 e4 53. Nb6+ Kd4 54. Kd2 f4 55. Nd7 Kd5 56. Nf6+ Ke5 57. Nxh7 Kf5 58. Ke2 Ke5 59. Nf8 Kf5 60. h4 a4 61. Kd2 1-0

[Event "Toronto-B2"]
[Site "Toronto"]
[Date "2009.03.17"]
[Round "8"]
[White "Armstrong, Robert J"]
[Black "Stein, Mickey"]
[Result "1-0"]
[WhiteElo "1827"]
[BlackElo "1957"]
[PlyCount "105"]
[GameId "2160767910265012"]
[EventDate "2009.01.27"]
[EventType "tourn"]
[EventRounds "9"]
[EventCountry "CAN"]
[SourceTitle "EXT 2011"]
[Source "ChessBase"]
[SourceDate "2011.11.26"]
[SourceVersion "1"]
[SourceVersionDate "2011.11.26"]
[SourceQuality "1"]

1. d4 Nf6 2. c4 c5 3. d5 b5 4. cxb5 a6 5. Nc3 axb5 6. Nxb5 d6 7. Nc3 g6 8. e4 Bg7 9. f4 O-O 10. Nf3 e6 11. Bc4 exd5 12. Bxd5 Nxd5 13. Nxd5 Ba6 14. Kf2 Nc6 15. Qc2 f5 16. Re1 fxe4 17. Rxe4 Nd4 18. Nxd4 Bxd4+ 19. Be3 Qh4+ 20. Kg1 Bxe3+ 21. Rxe3 Rae8 22. Qc3 Rxe3 23. Qxe3 Bb7 24. Qe6+ Kg7 25. Qxd6 Bxd5 26. Qxd5 Rf5 27. Qd6 Qxf4 28. Qxf4 Rxf4 29. a4 Rb4 30. Ra2 Kf6 31. a5 Rb7 32. a6 Ra7 33. Kf2 Ke5 34. Ke3 Kd5 35. Kd3 Kc6 36. Kc4 Kb6 37. g4 h6 38. h4 Kc6 39. Ra1 h5 40. g5 Kb6 41. Rf1 Re7 42. Rf6+ Ka7 43. Kxc5 Re4 44. Rxg6 Rxh4 45. Kb5 Rf4 46. Rg7+ Ka8 47. b4 h4 48. Rh7 Rg4 49. g6 Rxg6 50. Rxh4 Rg5+ 51. Ka4 Rg1 52. Ka5 Ra1+ 53. Kb6 1-0

[Event "Toronto-B2"]
[Site "Toronto"]
[Date "2009.03.17"]
[Round "8"]
[White "Cheron, Anthony"]
[Black "Kleinman, Michael"]
[Result "0-1"]
[WhiteElo "1975"]
[BlackElo "2032"]
[PlyCount "118"]
[GameId "2160767910265013"]
[EventDate "2009.01.27"]
[EventType "tourn"]
[EventRounds "9"]
[EventCountry "CAN"]
[SourceTitle "EXT 2011"]
[Source "ChessBase"]
[SourceDate "2011.11.26"]
[SourceVersion "1"]
[SourceVersionDate "2011.11.26"]
[SourceQuality "1"]

1. d3 b6 2. e4 Bb7 3. g3 d5 4. Bg2 dxe4 5. Bxe4 Bxe4 6. dxe4 Qxd1+ 7. Kxd1 Nf6 8. f3 Nc6 9. c3 O-O-O+ 10. Ke2 Ne5 11. Nh3 h6 12. Na3 e6 13. Nc2 Nd3 14. Rd1 Nxc1+ 15. Raxc1 Be7 16. Rxd8+ Bxd8 17. Rd1 g5 18. Nf2 c5 19. Ne3 Bc7 20. Rg1 Kd7 21. h3 Nh5 22. Nf1 Kc6 23. c4 a6 24. Ng4 f5 25. Nf2 b5 26. b3 Rd8 27. Nd3 bxc4 28. bxc4 fxe4 29. fxe4 Rd4 30. e5 Rxc4 31. Ne3 Ra4 32. Kf3 Bb6 33. Rc1 Ng7 34. g4 Rd4 35. Ke2 Ne8 36. Nc2 Ra4 37. Kf3 Nc7 38. Nb2 Rf4+ 39. Kg3 Re4 40. Nd3 Nd5 41. Kf3 Rc4 42. Ncb4+ Rxb4 43. Nxb4+ Nxb4 44. Rd1 Bc7 45. a3 Nd5 46. Re1 c4 47. Ke4 Bb6 48. Rf1 Nc3+ 49. Kf3 Kd5 50. h4 Kxe5 51. h5 Nd5 52. Ke2 Nf4+ 53. Kd2 Kd5 54. Rb1 Kc5 55. Kc2 e5 56. Rd1 e4 57. Rd7 e3 58. Rh7 e2 59. Rxh6 e1=Q 0-1

[Event "Toronto-B2"]
[Site "Toronto"]
[Date "2009.03.17"]
[Round "8"]
[White "Chichkina, Olya"]
[Black "Tseluiko, Oleg"]
[Result "0-1"]
[WhiteElo "1909"]
[BlackElo "1949"]
[PlyCount "68"]
[GameId "2160767910265014"]
[EventDate "2009.01.27"]
[EventType "tourn"]
[EventRounds "9"]
[EventCountry "CAN"]
[SourceTitle "EXT 2011"]
[Source "ChessBase"]
[SourceDate "2011.11.26"]
[SourceVersion "1"]
[SourceVersionDate "2011.11.26"]
[SourceQuality "1"]

1. e4 d6 2. d4 Nf6 3. Bd3 g6 4. Ne2 Bg7 5. Bg5 h6 6. Bd2 O-O 7. Na3 Nbd7 8. c3 e5 9. Nc4 Qe7 10. dxe5 Nxe5 11. Nxe5 Qxe5 12. Qc2 b5 13. O-O-O Bb7 14. Ng3 a5 15. f4 Qc5 16. h3 Qf2 17. Ne2 Bxe4 18. Bxe4 Nxe4 19. Qxe4 Rae8 20. Qc6 Rxe2 21. Qxb5 Qxg2 22. Rdg1 Qe4 23. Re1 Re8 24. Rxe2 Qxh1+ 25. Kc2 Rxe2 26. Qxe2 Qxh3 27. Qe8+ Bf8 28. Qd8 Qf5+ 29. Kc1 c6 30. b3 h5 31. c4 h4 32. Qxh4 d5 33. cxd5 Qd3 34. Bxa5 Ba3# 0-1

[Event "Toronto-B2"]
[Site "Toronto"]
[Date "2009.03.17"]
[Round "8"]
[White "Florea, Alexandru"]
[Black "Ferreira, Alex"]
[Result "1/2-1/2"]
[WhiteElo "1885"]
[BlackElo "2062"]
[PlyCount "143"]
[GameId "2160767910265015"]
[EventDate "2009.01.27"]
[EventType "tourn"]
[EventRounds "9"]
[EventCountry "CAN"]
[SourceTitle "EXT 2011"]
[Source "ChessBase"]
[SourceDate "2011.11.26"]
[SourceVersion "1"]
[SourceVersionDate "2011.11.26"]
[SourceQuality "1"]

1. e4 d5 2. exd5 Nf6 3. d4 Nxd5 4. g3 Bf5 5. c3 c6 6. Bg2 e6 7. Ne2 Nd7 8. O-O Be7 9. Nf4 N7b6 10. Re1 O-O 11. Qf3 Bg5 12. Nxd5 cxd5 13. Na3 a6 14. Bxg5 Qxg5 15. Qe3 Qxe3 16. fxe3 Rac8 17. e4 dxe4 18. Bxe4 Bxe4 19. Rxe4 Nc4 20. Nxc4 Rxc4 21. Re5 b5 22. a3 g6 23. Rd1 Rd8 24. d5 Rc5 25. Kf2 exd5 26. Ke3 d4+ 27. Ke4 Rxe5+ 28. Kxe5 Re8+ 29. Kf4 dxc3 30. bxc3 Re6 31. h4 h5 32. Kf3 Kf8 33. Rd4 Ke7 34. c4 Rc6 35. cxb5 Rc3+ 36. Kf4 axb5 37. a4 bxa4 38. Rxa4 Rc6 39. Rb4 Rf6+ 40. Ke3 Rf5 41. Rb6 Rf6 42. Rb7+ Kf8 43. Rb5 Kg7 44. Rb7 Kh6 45. Rb8 Rf5 46. Rh8+ Kg7 47. Ra8 g5 48. hxg5 Rxg5 49. Kf4 Rb5 50. Ra4 Kg6 51. Kf3 Kg5 52. Kg2 Rf5 53. Rb4 f6 54. Ra4 Rb5 55. Rc4 Kf5 56. Ra4 Rd5 57. Rb4 Ke5 58. Rh4 Kd6 59. Ra4 Re5 60. Kh3 Kd5 61. Kg2 Rg5 62. Kh3 Ke5 63. Rf4 Ke6 64. Kh4 Kf7 65. g4 hxg4 66. Rxg4 Rf5 67. Ra4 Kg6 68. Kg4 Rf1 69. Ra6 Rb1 70. Ra5 Rb4+ 71. Kf3 Rc4 72. Kg3 1/2-1/2

[Event "Toronto-B2"]
[Site "Toronto"]
[Date "2009.03.24"]
[Round "9"]
[White "Ferreira, Alex"]
[Black "Orlova, Yelizaveta"]
[Result "1-0"]
[WhiteElo "2062"]
[BlackElo "1993"]
[PlyCount "101"]
[GameId "2160767910265016"]
[EventDate "2009.01.27"]
[EventType "tourn"]
[EventRounds "9"]
[EventCountry "CAN"]
[SourceTitle "EXT 2011"]
[Source "ChessBase"]
[SourceDate "2011.11.26"]
[SourceVersion "1"]
[SourceVersionDate "2011.11.26"]
[SourceQuality "1"]

1. e4 c5 2. Nf3 Nc6 3. d4 cxd4 4. Nxd4 Qb6 5. Nxc6 bxc6 6. c4 d6 7. Qc2 g6 8. Be3 Qa5+ 9. Bd2 Qc7 10. Bc3 Nf6 11. Be2 Bg7 12. O-O O-O 13. Nd2 Rd8 14. Kh1 Qb7 15. e5 Bf5 16. Qb3 Qxb3 17. Nxb3 Ne4 18. Ba5 Rd7 19. f3 Ng5 20. f4 Ne6 21. Bf3 d5 22. cxd5 cxd5 23. g3 Bc2 24. Nd2 Nd4 25. Rac1 Bd3 26. Rf2 Rb8 27. Bc3 Nb5 28. Ba5 Nd4 29. Bc3 Rc8 30. Re1 Nc2 31. Rc1 d4 32. Ba5 f6 33. Bg4 f5 34. Bf3 Rb8 35. Nb3 Ne3 36. Nc5 Bb5 37. Nxd7 Bxd7 38. h4 Bb5 39. Rc7 d3 40. Rxa7 e6 41. b3 Rc8 42. Bc7 Nd5 43. Bxd5 exd5 44. a4 Bc6 45. Rd2 d4+ 46. Kg1 Be4 47. Kf2 Bf8 48. Bd6 Rc2 49. Rxc2 dxc2 50. Rc7 d3 51. Ke3 1-0

[Event "Toronto-B2"]
[Site "Toronto"]
[Date "2009.03.24"]
[Round "9"]
[White "Kleinman, Michael"]
[Black "Chichkina, Olya"]
[Result "1-0"]
[WhiteElo "2032"]
[BlackElo "1909"]
[PlyCount "93"]
[GameId "2160767910265017"]
[EventDate "2009.01.27"]
[EventType "tourn"]
[EventRounds "9"]
[EventCountry "CAN"]
[SourceTitle "EXT 2011"]
[Source "ChessBase"]
[SourceDate "2011.11.26"]
[SourceVersion "1"]
[SourceVersionDate "2011.11.26"]
[SourceQuality "1"]

1. e4 e5 2. Nf3 Nc6 3. Nc3 Bc5 4. Nxe5 Bxf2+ 5. Kxf2 Nxe5 6. d4 Nc6 7. Be3 Qf6+ 8. Qf3 d6 9. Nd5 Qd8 10. Bb5 Bd7 11. Rhf1 Nge7 12. Kg1 O-O 13. Bg5 f6 14. Nxf6+ Kh8 15. Qh5 gxf6 16. Bxf6+ Rxf6 17. Rxf6 Qg8 18. Qf7 Bh3 19. Rf2 Qxf7 20. Rxf7 Be6 21. Rf6 Nxd4 22. c3 Kg7 23. Raf1 Nef5 24. Rxe6 Nxe6 25. exf5 Nf8 26. f6+ Kf7 27. Bc4+ Kg6 28. Rf4 c6 29. Kf2 Rd8 30. Bd3+ Kf7 31. Rh4 Kxf6 32. Bxh7 Rd7 33. Bc2 d5 34. Rf4+ Kg7 35. Bf5 Rf7 36. g4 Re7 37. Rf3 Rf7 38. Re3 Rc7 39. h4 Rf7 40. Ke2 Rc7 41. Kd3 Rf7 42. Kd4 Rc7 43. Kc5 Kf6 44. Kd6 Rg7 45. Rf3 Rg8 46. Bh7+ Kg7 47. Bxg8 1-0